Important People in US History - Statistics

General Stats
  • This quiz has been taken 208 times
  • The average score is 13 of 20
Answer Stats
Hint Answer % Correct
Civil War President Abraham Lincoln
97%
Father of The Nation USA George Washington
97%
Last U.S President to get Assasinated John F. Kennedy
93%
Fought for Civil Rights Martin Luther King Jr
92%
WW2 President that played a major role in the war Franklin D. Roosevelt
89%
President that declared war on Iraq George W. Bush
87%
Confederate General Robert E. Lee
85%
That bought the Louisiana Territory Thomas Jefferson
84%
Union General Ulysses S. Grant
81%
First U.S Woman Vice President Kamala Harris
80%
Crazy President that put Native Americans on the Trail of Tears Andrew Jackson
77%
U.S President that wrote the Monroe Doctrine James Monroe
77%
Leader of Underground Railroad Harriet Tubman
66%
President during Reconstruction Andrew Johnson
59%
Confederate President Jefferson Davis
54%
Creator of the National Bank Alexander Hamilton
50%
FIrst President that was called a tyrant John Adams
46%
General that fought for Saratoga Springs Horatio Gates
3%
First Black President under the Articles of Confederation John Hanson
1%
First Black Woman as a U.S Justice Kentaji Brown
1%
No matching quizzes found
Score Distribution
Percent of People with Each Score
Percentile by Number Answered
Your Score History
You have not taken this quiz